| 000 | 00379nam a2200109Ia 4500 | ||
|---|---|---|---|
| 008 | 171204s9999 xx 000 0 und d | ||
| 245 | _aTsunamis and Earthquakes in Coastal Environments: Significance and Restoration | ||
| 245 | _cH. Tanaka, M. Spiske, and V. Santiago-FandiƱo | ||
| 260 | _c2015 | ||
| 650 | _xEarth Science | ||
| 856 | _uhttp://down.ebook777.com/046/3319285262.pdf | ||
| 999 |
_c345490 _d345490 |
||